مكتبة جامعة عجلون الوطنية

فهرس بحث المكتبة

عصر الصورة من الفوتوغرافيا الى الاقمار الصناعية والجرافيك مروره بالسينما والصحيفة المصورة والتلفزيون / (Record no. 33731)

MARC details
000 -LEADER
fixed length control field 00784nam a22001817a 4500
003 - CONTROL NUMBER IDENTIFIER
control field JO-AjAnu
005 - DATE AND TIME OF LATEST TRANSACTION
control field 20241019075716.0
008 - FIXED-LENGTH DATA ELEMENTS--GENERAL INFORMATION
fixed length control field 241019b jo ||||| |||| 00| 0 ara d
040 ## - CATALOGING SOURCE
Transcribing agency JO-AjAnu
041 ## - LANGUAGE CODE
Language code of text/sound track or separate title ara
100 #1 - MAIN ENTRY--PERSONAL NAME
Personal name شاهين،منصور
9 (RLIN) 66253
Relator term مؤلف
245 10 - TITLE STATEMENT
Title عصر الصورة من الفوتوغرافيا الى الاقمار الصناعية والجرافيك مروره بالسينما والصحيفة المصورة والتلفزيون /
Statement of responsibility, etc. تاليف منصور شاهين
250 ## - EDITION STATEMENT
Edition statement الطبعةالاولى
260 ## - PUBLICATION, DISTRIBUTION, ETC.
Place of publication, distribution, etc. القاهرة :
Name of publisher, distributor, etc. الهيئة المصريةالعامة للكتاب،
Date of publication, distribution, etc. 2017
300 ## - PHYSICAL DESCRIPTION
Extent 201 صفحة
650 70 - SUBJECT ADDED ENTRY--TOPICAL TERM
Topical term or geographic name entry element التصوير الفوتوغرافي- تاريخ - تطور
9 (RLIN) 66254
942 ## - ADDED ENTRY ELEMENTS (KOHA)
Source of classification or shelving scheme Library of Congress Classification
Koha item type Books
Suppress in OPAC No
Holdings
Withdrawn status Lost status Source of classification or shelving scheme Damaged status Not for loan Home library Current library Date acquired Total Checkouts Full call number Barcode Date last seen Price effective from Koha item type
    Library of Congress Classification     مكتبة جامعة عجلون الوطنية مكتبة جامعة عجلون الوطنية 19/10/2024   TR183.S5363 2017 A30068 19/10/2024 19/10/2024 Books